000 00277nam a22001337a 4500
020 _a93-813849-3-2
082 _a001
_bAMB/G
100 _aAMBAT, GLADYS
245 _aGLOBAL QUIZ BANK
260 _aNEW DELHI
_bV & S PUBLISHERS
300 _a256
520 _aQUIZ
942 _cBK
999 _c6866
_d6866